000 01588nam a2200349 i 4500
001 44036
003 Mx-PuUPA
005 20260323120241.0
008 140415s2018 sp a gr 001 0 spa d
020 _a9781980574439
040 _cMx-PuUPA
_aMx-PuUPA
_bspa
_dMx-PuUPA
_erda
041 0 _aspa
245 1 0 _aManual de bioestadística básica /
_cJosé Ramón Muñoz Rodríguez, autor y editor ; colaboradores José Manuel Pérez Ortiz, Miguel ángel de la Cruz Morcillo [y otros ocho), colaboradores
250 _a1a. edición
264 1 _aCiudad Real, España :
_bUnidad de Investigación Trasnacional,
_c2018
300 _axxvii, 137 páginas :
_bilustraciones, gráficas (blanco y negro) ;
_c23 cm
336 _2rdacontent
_atexto
_btxt
337 _2rdamedia
_asin medio
_bn
338 _2rdacarrier
_avolumen
_bnc
490 0 _aColecciones de Manualkes de Investigación UIT
650 7 _2armarc
_aEstadística vital
_vManual
650 7 _2armarc
_aEstadística
650 7 _2armarc
_aEstadística matemática
_vProblemas y ejercicios
700 1 _aMuñoz Rodríguez, José Ramón
_eautor
_eeditor
_917932
700 1 _aPérez Ortiz, José Manuel
_ecolaborador
700 1 _aCruz Morcillo, Miguel Ángel de la,
_ecolaborador
942 _2ddc
_cLI
_h570.15195
_iM26
999 _c44036
_d44036